000 00468nam a2200181Ia 4500
001 23285
005 20260414150927.0
008 260414t2005||||xx |||||||||||||| ||spa||
041 _aESP
082 _a628.1683
_bM26
100 _aMartínez Delgadillo, Sergio Alejandro
_eAUT
245 0 _aTratamiento de aguas residuales con MATLAB
_b
260 _c2005
300 _axi, 239 páginas :
_c24 cm.
650 _aCNM
654 _aCCN
942 _cLIB
_dJUS
_fJUS
_2ddc
_n
999 _c23285
_d23285